Life and Dignity/ (Record no. 213316)

MARC details
000 -LEADER
fixed length control field 00752nam a22002057a 4500
005 - DATE AND TIME OF LATEST TRANSACTION
control field 20250904111039.0
010 ## - LCCN (DPL NO)
LC control number ENG-146613
020 ## - INTERNATIONAL STANDARD BOOK NUMBER
International Standard Book Number 9788192606255
Terms of availability 125.00
035 ## - SYSTEM CONTROL NUMBER
System control number EN-130145
037 ## - SOURCE OF ACQUISITION
Source of stock number/acquisition DBAD
082 ## - DEWEY DECIMAL CLASSIFICATION NUMBER
Classification number 362.88082
Edition number 2
100 ## - MAIN ENTRY--PERSONAL NAME
Personal name Kikon, Dolly
245 ## - TITLE STATEMENT
Title Life and Dignity/
Statement of responsibility, etc Dolly Kikon
Remainder of title Women's Testimonies of Sexual violence in Dimapur (Nagaland)
250 ## - EDITION STATEMENT
Edition statement 2
260 ## - PUBLICATION, DISTRIBUTION, ETC. (IMPRINT)
Place of publication, distribution, etc Guwahati
Name of publisher, distributor, etc North Eastern Social Research Centre ( NESRC)
Date of publication, distribution, etc 2023
270 ## - ADDRESS
Address 2nd Floor, Jagriti , Arunodoi Path, GMCH Road, Christian Basti
City Guwahati, Assam
Telephone number 91-361-2340179
Postal code 781005
Electronic mail address nesrcghy@gmail.com
300 ## - PHYSICAL DESCRIPTION
Extent 110p.
Dimensions 22cm(pbk)
Other physical details Ill.
490 ## - SERIES STATEMENT
Series statement NERSC Monograph Series-1
942 ## - ADDED ENTRY ELEMENTS (KOHA)
Source of classification or shelving scheme Dewey Decimal Classification
Item type English Books
Classification part 362.88082
Call number suffix KIK
Edition 2
Holdings
Withdrawn status Lost status Not for loan Collection code Home library Current library Date acquired Source of acquisition Cost, normal purchase price Full call number Barcode Copy number Cost, replacement price Koha item type
      Non-fiction Mobile Library Mobile Library 04/09/2025 DBAD 125.00 362.88082 KIK EN-130145 1 125.00 English Books

© Delhi Public Library
Hit Counter
free hit counter